PATHWAYS OF THE PULP (Record no. 3178)
[ view plain ]
| 000 -LEADER | |
|---|---|
| fixed length control field | 00368nam a2200145Ia 4500 |
| 008 - FIXED-LENGTH DATA ELEMENTS--GENERAL INFORMATION | |
| fixed length control field | 150201s2002 xx 000 0 und d |
| 082 ## - DEWEY DECIMAL CLASSIFICATION NUMBER | |
| Classification number | 617.6342 |
| Item number | P2002C |
| 100 ## - MAIN ENTRY--PERSONAL NAME | |
| Personal name | COHEN STEPHEN |
| 245 ## - TITLE STATEMENT | |
| Title | PATHWAYS OF THE PULP |
| 250 ## - EDITION STATEMENT | |
| Edition statement | 8TH |
| 260 ## - PUBLICATION, DISTRIBUTION, ETC. (IMPRINT) | |
| Name of publisher, distributor, etc. | MOSBY |
| Place of publication, distribution, etc. | NEW DELHI |
| Date of publication, distribution, etc. | 2002 |
| 300 ## - PHYSICAL DESCRIPTION | |
| Extent | 1-1030 |
| 650 ## - SUBJECT ADDED ENTRY--TOPICAL TERM | |
| Topical term or geographic name as entry element | CONSERVATIVE DENTISTRY & ENDODONTICS |
| 942 ## - ADDED ENTRY ELEMENTS (KOHA) | |
| Source of classification or shelving scheme | Dewey Decimal Classification |
| Koha item type | Books |
| Koha issues (borrowed), all copies | 2 |
| Withdrawn status | Lost status | Source of classification or shelving scheme | Damaged status | Not for loan | Home library | Current library | Date acquired | Source of acquisition | Cost, normal purchase price | Serial Enumeration / chronology | SGTU | Bill Number | Total Checkouts | Full call number | Barcode | Date last seen | Date last checked out | Bill Date | Koha item type |
|---|---|---|---|---|---|---|---|---|---|---|---|---|---|---|---|---|---|---|---|
| Dewey Decimal Classification | SGT Dental Library | SGT Dental Library | 10/03/2005 | U.B.S.DELHI | 49.29 | 1 | SGTU | 1305 | 2 | 617.6342 P2002C | FD3160 | 22/03/2024 | 22/03/2024 | 13/04/2012 | Books | ||||
| Dewey Decimal Classification | SGT Dental Library | SGT Dental Library | 10/03/2005 | U.B.S.DELHI | 49.29 | 1 | SGTU | 1305 | 1 | 617.6342 P2002C | FD3161 | 26/10/2018 | 15/10/2018 | 13/04/2012 | Books |